<?xml version="1.0" encoding="UTF-8"?>
<record
    xmlns:xsi="http://www.w3.org/2001/XMLSchema-instance"
    xsi:schemaLocation="http://www.loc.gov/MARC21/slim http://www.loc.gov/standards/marcxml/schema/MARC21slim.xsd"
    xmlns="http://www.loc.gov/MARC21/slim">

  <leader>05964nam a2200481 a 4500</leader>
  <controlfield tag="001">dia_6144</controlfield>
  <controlfield tag="003">CHAP</controlfield>
  <controlfield tag="005">20250619175354.0</controlfield>
  <controlfield tag="007">ta</controlfield>
  <controlfield tag="008">220117s2006    mx ad  frm    001 0 spa d</controlfield>
  <datafield tag="010" ind1=" " ind2=" ">
    <subfield code="a">177329</subfield>
  </datafield>
  <datafield tag="040" ind1=" " ind2=" ">
    <subfield code="c">CHAP</subfield>
    <subfield code="a">mxchpua</subfield>
  </datafield>
  <datafield tag="041" ind1="0" ind2=" ">
    <subfield code="a">spa</subfield>
    <subfield code="b">eng</subfield>
  </datafield>
  <datafield tag="090" ind1=" " ind2=" ">
    <subfield code="a">Tesis </subfield>
    <subfield code="b">A78 </subfield>
    <subfield code="c">2006</subfield>
  </datafield>
  <datafield tag="100" ind1="1" ind2=" ">
    <subfield code="a">Arteaga Gonz&#xE1;lez, Alma Elizabeth</subfield>
  </datafield>
  <datafield tag="240" ind1="1" ind2="0">
    <subfield code="a">Technical-economic study of feasibility for the establishment of a xoconostle (Opuntia joconostle) processing plan in the municipality of nopaltepec , state of Mexico.</subfield>
    <subfield code="l">Espa&#xF1;ol</subfield>
  </datafield>
  <datafield tag="245" ind1="1" ind2="0">
    <subfield code="a">Estudio de factibilidad t&#xE9;cnico-econ&#xF3;mico para el establecimiento de una planta procesadora de xoconostle (Opuntia joconostle) en el municipio de Nopaltepec, estado de M&#xE9;xico  /</subfield>
    <subfield code="c">Alma Elizabeth Arteaga Gonz&#xE1;lez y Yadira Gonz&#xE1;lez Rojas</subfield>
  </datafield>
  <datafield tag="264" ind1=" " ind2=" ">
    <subfield code="a">Chapingo, M&#xE9;xico :</subfield>
    <subfield code="b">El Autor,</subfield>
    <subfield code="c">2006</subfield>
  </datafield>
  <datafield tag="300" ind1=" " ind2=" ">
    <subfield code="a">xii, 127 hojas :</subfield>
    <subfield code="b">ilustraciones, tablas, gr&#xE1;ficas</subfield>
  </datafield>
  <datafield tag="336" ind1=" " ind2=" ">
    <subfield code="2">rdacontent</subfield>
    <subfield code="a">texto</subfield>
    <subfield code="b">txt</subfield>
  </datafield>
  <datafield tag="337" ind1=" " ind2=" ">
    <subfield code="2">rdamedia</subfield>
    <subfield code="a">no mediado</subfield>
    <subfield code="b">n</subfield>
  </datafield>
  <datafield tag="338" ind1=" " ind2=" ">
    <subfield code="2">rdacarrier</subfield>
    <subfield code="a">volumen</subfield>
    <subfield code="b">nc</subfield>
  </datafield>
  <datafield tag="502" ind1=" " ind2=" ">
    <subfield code="a">Formulaci&#xF3;n o Evaluaci&#xF3;n de Proyectos</subfield>
    <subfield code="b">(Ingeniero Agroindustrial) --</subfield>
    <subfield code="c">UACh. Departamento de Ingenier&#xED;a Agroindustrial,</subfield>
    <subfield code="d">2006</subfield>
  </datafield>
  <datafield tag="504" ind1=" " ind2=" ">
    <subfield code="a">Bibliograf&#xED;a: hojas 97-99</subfield>
  </datafield>
  <datafield tag="505" ind1="0" ind2=" ">
    <subfield code="a">1 Plano : --
1. Plano de distribuci&#xF3;n de &#xE1;reas (Esc. 1:55)</subfield>
  </datafield>
  <datafield tag="520" ind1="3" ind2=" ">
    <subfield code="a">El az&#xFA;car en combinaci&#xF3;n con la fruta tiene un efecto preservador, y fue en el siglo XVI, cuando apareci&#xF3; en sustituci&#xF3;n de la miel, permitiendo una conservaci&#xF3;n a mayor escala. Para efectos de este proyecto, mermelada es "un producto semis&#xF3;lido elaborado a partir de 45 partes de fruta por 55 partes de az&#xFA;car, al que se le adicionan 1.5% (del peso total de la fruta) de pectina y 0.1% de benzoato de sodio, y se le modifica o mantiene el pH en 2.7-3.6. La elaboraci&#xF3;n de mermeladas, se enumera en: recepci&#xF3;n, selecci&#xF3;n, pesado, lavado, pelado, deshuesado, troceado, molido, concentraci&#xF3;n, llenado de envases, exhausto, ajustado de envases, enfriado, etiquetado, empaque y almac&#xE9;n. El xoconostle, variedad del nopal, posee un elevado contenido de &#xE1;cido asc&#xF3;rbico, as&#xED; como de fibra, cuya principal funci&#xF3;n es reducir el colesterol, evacuaci&#xF3;n del est&#xF3;mago, y la reducci&#xF3;n de peso corporal; presenta vida de anaquel muy prolongada con bajos porcentajes de pudrici&#xF3;n, que se debe a su bajo pH, 3.7 a 4.5. Se vende en fresco, en mercados locales, regionales y centrales de abastos. Las mermeladas cuentan con un mercado fluctuante, por existir varias industrias dedicadas a su elaboraci&#xF3;n, bajo normas de calidad establecidas. Comercial Mexicana, Gigante y Aurrera, son las principales tiendas de autoservicio, que se estudiaron como posibles compradores, por estar diseminadas en los estados de la republica, y tienen gran influencia de venta de alimentos. La empresa se constituir&#xE1; como Sociedad Cooperativa, integrada por personas f&#xED;sicas con base en intereses comunes. La localizaci&#xF3;n del proyecto es en Nopaltepec, Estado de M&#xE9;xico; cuyas actividades econ&#xF3;micas son agropecuaria y microindustria. La TIR y la VAN para el proyecto fueron calculadas en cero y negativas, encontrando que debe aumentarse la cantidad de materia prima, para que estas sean aceptables y el proyecto sea viable.</subfield>
  </datafield>
  <datafield tag="520" ind1="3" ind2=" ">
    <subfield code="a">The sugar in combination with the fruit has a preserver effect, and it was in the XVI century, when it appeared in substitution of the honey, allowing a conservation to a larger scale. For effects of this project, marmalade is "a semi-solid_ product elaborated from 45 parts of fruit by 55 parts of sugar, to which are added 1.5% (of the total weight of the fruit) of pectin and 0.1% of benzoate of sodium, and it is modified or it maintains the pH in 2.7-3.6". The elaboration of marmalades, is enumerated in: reception, selection, weighing, washing, peeling, pitting, slicing, milling, concentration, filling of containers, exhauster, adjusting of containers, cooling, labeling, packing and storage. The xoconostle, variety of the nopal, possesses a high content of ascorbic acid, as well as of fiber whose main function is to reduce the cholesterol, evacuation of the stomach, and the reduction of corporal weight; it presents very lingering shelf life with low percentages of deterioration, due it's low pH, 3.7 at 4.5. It is sold in fresh, in local, regional and central markets of supplies. The marmalades have a fluctuating market, because of the existence of several industries dedicated to their elaboration, under established norms of quality. Commercial Mexicana, Gigante and Aurrera, they are the main self-service stores that were studied as possible buyers, because of their large franchising in the states of the republic, and they have great influence of food sales. The company will be constituted as Cooperative Society, integrated by physical people with base in common interests. The localization of the project is in Nopaltepec, State of Mexico; whose economic activities are agricultural and micro industry. The TIR and the VAN for the project were calculated in zero and negative, finding that the quantity of matter should increase, so that these can be acceptable and the project viable.</subfield>
  </datafield>
  <datafield tag="650" ind1="1" ind2="3">
    <subfield code="a">Iniciativa empresarial</subfield>
    <subfield code="z">M&#xE9;xico</subfield>
    <subfield code="z">Estado de M&#xE9;xico  </subfield>
    <subfield code="2">atg</subfield>
  </datafield>
  <datafield tag="650" ind1="1" ind2="3">
    <subfield code="a">Opuntia</subfield>
    <subfield code="x">Mermeladas  </subfield>
    <subfield code="2">atg</subfield>
  </datafield>
  <datafield tag="650" ind1="1" ind2="3">
    <subfield code="a">Opuntia</subfield>
    <subfield code="x">Industria y comercio  </subfield>
    <subfield code="2">atg</subfield>
  </datafield>
  <datafield tag="650" ind1="1" ind2="3">
    <subfield code="a">Entrepreneurship</subfield>
    <subfield code="z">Mexico</subfield>
    <subfield code="z">Estado de Mexico</subfield>
    <subfield code="2">atg</subfield>
  </datafield>
  <datafield tag="650" ind1="1" ind2="3">
    <subfield code="a">Opuntia</subfield>
    <subfield code="x">Industry and trade  </subfield>
    <subfield code="2">atg</subfield>
  </datafield>
  <datafield tag="650" ind1="1" ind2="3">
    <subfield code="a">Opuntia</subfield>
    <subfield code="x">Jams  </subfield>
    <subfield code="2">atg</subfield>
  </datafield>
  <datafield tag="700" ind1="1" ind2=" ">
    <subfield code="a">Gonz&#xE1;lez Rojas, Yadira</subfield>
    <subfield code="e">autora</subfield>
  </datafield>
  <datafield tag="700" ind1="1" ind2=" ">
    <subfield code="a">Garc&#xED;a Ch&#xE1;vez, Luis Ramiro</subfield>
    <subfield code="e">director</subfield>
  </datafield>
  <datafield tag="700" ind1="1" ind2=" ">
    <subfield code="a">Corrales Garc&#xED;a, Jos&#xE9; Joel Enrique</subfield>
    <subfield code="e">asesor</subfield>
  </datafield>
  <datafield tag="700" ind1="1" ind2=" ">
    <subfield code="a">Su&#xE1;rez Espinosa, Carlos</subfield>
    <subfield code="e">asesor</subfield>
  </datafield>
  <datafield tag="856" ind1="4" ind2="2">
    <subfield code="u">http://10.13.5.2/tesis/104267.pdf</subfield>
    <subfield code="y">DESCARGAR PDF</subfield>
  </datafield>
  <datafield tag="901" ind1=" " ind2=" ">
    <subfield code="a">TESIS A78 2006</subfield>
  </datafield>
  <datafield tag="902" ind1=" " ind2=" ">
    <subfield code="a">M</subfield>
  </datafield>
  <datafield tag="905" ind1=" " ind2=" ">
    <subfield code="a">5232272006                          mx enm 8223123322spa16</subfield>
  </datafield>
  <datafield tag="942" ind1=" " ind2=" ">
    <subfield code="c">Tesis</subfield>
    <subfield code="2">Clasificaci&#xF3;n Universidad Aut&#xF3;noma Chapingo</subfield>
  </datafield>
  <datafield tag="999" ind1=" " ind2=" ">
    <subfield code="c">177329</subfield>
    <subfield code="d">177329</subfield>
  </datafield>
  <datafield tag="952" ind1=" " ind2=" ">
    <subfield code="0">0</subfield>
    <subfield code="1">0</subfield>
    <subfield code="2">local</subfield>
    <subfield code="4">0</subfield>
    <subfield code="5">5</subfield>
    <subfield code="7">0</subfield>
    <subfield code="8">TESIS</subfield>
    <subfield code="a">IA_</subfield>
    <subfield code="b">IA_</subfield>
    <subfield code="d">2022-01-18</subfield>
    <subfield code="e">El autor</subfield>
    <subfield code="l">0</subfield>
    <subfield code="o">Tesis A78 2006</subfield>
    <subfield code="p">1101010053</subfield>
    <subfield code="r">2026-02-02 00:00:00</subfield>
    <subfield code="t">Ej.2</subfield>
    <subfield code="w">2022-01-18</subfield>
    <subfield code="y">TESIS</subfield>
  </datafield>
  <datafield tag="952" ind1=" " ind2=" ">
    <subfield code="0">0</subfield>
    <subfield code="1">0</subfield>
    <subfield code="2">local</subfield>
    <subfield code="4">0</subfield>
    <subfield code="5">1</subfield>
    <subfield code="7">0</subfield>
    <subfield code="8">TESIS</subfield>
    <subfield code="a">IA_</subfield>
    <subfield code="b">IA_</subfield>
    <subfield code="d">2022-01-18</subfield>
    <subfield code="e">El autor</subfield>
    <subfield code="l">0</subfield>
    <subfield code="o">Tesis A78 2006</subfield>
    <subfield code="p">1101009940</subfield>
    <subfield code="r">2026-02-02 00:00:00</subfield>
    <subfield code="t">Ej.1</subfield>
    <subfield code="w">2022-01-18</subfield>
    <subfield code="y">TESIS</subfield>
  </datafield>
  <datafield tag="952" ind1=" " ind2=" ">
    <subfield code="0">0</subfield>
    <subfield code="1">0</subfield>
    <subfield code="2">local</subfield>
    <subfield code="4">0</subfield>
    <subfield code="7">0</subfield>
    <subfield code="8">TesDigL</subfield>
    <subfield code="a">IA_</subfield>
    <subfield code="b">IA_</subfield>
    <subfield code="c">E_L</subfield>
    <subfield code="d">2025-02-13</subfield>
    <subfield code="e">El autor</subfield>
    <subfield code="l">0</subfield>
    <subfield code="p">1201009940</subfield>
    <subfield code="r">2025-02-13 12:12:00</subfield>
    <subfield code="w">2025-02-13</subfield>
    <subfield code="y">TD</subfield>
  </datafield>
</record>
